000 00735nam a22002177a 4500
003 UA-OsUOA
001 131799
007 ta
008 20180618b un ||||| |||| 00| 0 ukr d
100 _aСеменів Н.
090 _a81
_bС30
942 _cSA
040 _aUA-OsUOA
_bukr
_cUA-OsUOA
_dUA-OsUOA
245 _aФормування ІКТ-компетентності учнів на урокахукраїнської мови
300 _aС.14-19
955 _a0
041 _aukr
080 _a81
773 0 _w131796
_tУкраїнська мова і література в школі
_dК.
_d2018
_g2
650 7 _a8 Мовознавство. Художня література. Літературознавство
_2UDC
999 _c420192
_d420192